[Event "Luiz Rego Memorial"]
[Site "Teresina"]
[Date "2001.11.17"]
[Round "?"]
[White "Oliviera, Francisneto"]
[Black "Araujo Mendes, Sergio Carlos"]
[Result "0-1"]
[WhiteElo "1915"]
[BlackElo "2015"]
[PlyCount "33"]
[EventDate "2001.11.09"]
[EventType "swiss"]
[EventRounds "7"]
[EventCountry "BRA"]
[SourceTitle "EXT 2003"]
[Source "ChessBase"]
[SourceDate "2002.11.25"]
[SourceVersion "1"]
[SourceVersionDate "2002.11.25"]
[SourceQuality "1"]

1. d4 Nf6 2. c4 b6 3. a3 Bb7 4. h3 e6 5. Nc3 Na6 6. f3 c5 7. e4 cxd4 8. Qxd4 Bc5 9. Qe5 d6 10. Qg5 0-0 11. Nge2 d5 12. cxd5 exd5 13. b4 dxe4 14. Nxe4 Nxe4 15. Qxd8 Bf2+ 16. Kd1 Raxd8+ 17. Kc2 0-1

[Event "Luiz Rego Memorial"]
[Site "Teresina"]
[Date "2001.11.16"]
[Round "?"]
[White "Guimaraes Lima, Wacelys Wagner"]
[Black "Oliviera, Francisneto"]
[Result "0-1"]
[WhiteElo "1798"]
[BlackElo "1915"]
[PlyCount "121"]
[EventDate "2001.11.09"]
[EventType "swiss"]
[EventRounds "7"]
[EventCountry "BRA"]
[SourceTitle "EXT 2003"]
[Source "ChessBase"]
[SourceDate "2002.11.25"]
[SourceVersion "1"]
[SourceVersionDate "2002.11.25"]
[SourceQuality "1"]

1. d4 Nf6 2. c4 g6 3. Nf3 Bg7 4. Nc3 0-0 5. e3 d6 6. Qc2 Re8 7. Bd3 e5 8. dxe5 dxe5 9. Ne4 Nxe4 10. Bxe4 c6 11. Bd3 f5 12. e4 f4 13. b4 Bg4 14. Be2 Nd7 15. Bb2 Bxf3 16. Bxf3 Qe7 17. a3 Rad8 18. c5 Kh8 19. Rc1 Nf6 20. g3 g5 21. g4 Qd7 22. Rd1 Qc7 23. h4 gxh4 24. Rxh4 Ng8 25. Qb3 Rxd1+ 26. Bxd1 Qd7 27. g5 Rd8 28. Bc3 Qd3 29. Qc2 Ne7 30. Qxd3 Rxd3 31. Bb2 Ng6 32. Rh1 Bf8 33. Bc2 Rd7 34. f3 Be7 35. Rh5 Bd8 36. Ke2 b6 37. Ba4 b5 38. Bb3 Re7 39. a4 a6 40. Rh1 Bc7 41. axb5 axb5 42. Ra1 Kg7 43. Ra6 Nh8 44. Rxc6 Nf7 45. Bd5 Kf8 46. Rf6 Kg7 47. Rc6 Kf8 48. Rf6 Kg7 49. Rxf7+ Rxf7 50. Bxf7 Kxf7 51. Kf2 Kg6 52. Kg2 Kxg5 53. Kh3 h5 54. Bc3 Kf6 55. Be1 Ke6 56. Bh4 Kd7 57. Bg5 Kc6 58. Kh4 Ba5 59. bxa5 b4 60. a6 b3 61. Bf6 0-1

[Event "Luiz Rego Memorial"]
[Site "Teresina"]
[Date "2001.11.15"]
[Round "?"]
[White "Muniz Filho, Urbano"]
[Black "Oliviera, Francisneto"]
[Result "1-0"]
[WhiteElo "1975"]
[BlackElo "1915"]
[PlyCount "87"]
[EventDate "2001.11.09"]
[EventType "swiss"]
[EventRounds "7"]
[EventCountry "BRA"]
[SourceTitle "EXT 2003"]
[Source "ChessBase"]
[SourceDate "2002.11.25"]
[SourceVersion "1"]
[SourceVersionDate "2002.11.25"]
[SourceQuality "1"]

1. d4 Nf6 2. c4 g6 3. Nc3 Bg7 4. e4 d6 5. Bd3 0-0 6. Nge2 Nc6 7. a3 e5 8. d5 Ne7 9. f3 Nd7 10. g4 a6 11. Be3 h6 12. Qd2 g5 13. Ng3 f6 14. h4 Ng6 15. hxg5 fxg5 16. Nf5 Nf4 17. Bxf4 exf4 18. Nxh6+ Bxh6 19. Rxh6 Kg7 20. Qh2 Rh8 21. Rh5 Ne5 22. Be2 Bd7 23. 0-0-0 Qf6 24. Rh1 Rxh5 25. Qxh5 Qg6 26. Nd1 Qxh5 27. Rxh5 Rh8 28. Rxg5+ Kf6 29. Rh5 Rxh5 30. gxh5 Kg5 31. Nf2 Kxh5 32. Nd3 Nxd3+ 33. Bxd3 Kh4 34. Kd2 Kg3 35. Be2 Kf2 36. b4 b5 37. c5 dxc5 38. bxc5 a5 39. e5 b4 40. axb4 a4 41. e6 Bc8 42. d6 a3 43. Bc4 Ba6 44. Bb3 1-0

[Event "Luiz Rego Memorial"]
[Site "Teresina"]
[Date "2001.11.11"]
[Round "?"]
[White "Oliviera, Francisneto"]
[Black "Henrique, Julio"]
[Result "1-0"]
[WhiteElo "1915"]
[BlackElo "1779"]
[PlyCount "100"]
[EventDate "2001.11.09"]
[EventType "swiss"]
[EventRounds "7"]
[EventCountry "BRA"]
[SourceTitle "EXT 2003"]
[Source "ChessBase"]
[SourceDate "2002.11.25"]
[SourceVersion "1"]
[SourceVersionDate "2002.11.25"]
[SourceQuality "1"]

1. d4 f5 2. g3 e6 3. Bg2 Nf6 4. c4 d5 5. Qc2 c6 6. Nh3 Be7 7. 0-0 0-0 8. Nd2 Ne4 9. Nf4 Na6 10. a3 Nc7 11. Nf3 Bd6 12. Nd3 Ne8 13. Bf4 N8f6 14. Bxd6 Qxd6 15. Nde5 g5 16. Nd2 Kg7 17. f3 Nxd2 18. Qxd2 h6 19. Rae1 Bd7 20. e4 fxe4 21. fxe4 Nxe4 22. Bxe4 dxe4 23. Rxe4 Rxf1+ 24. Kxf1 Rf8+ 25. Kg2 c5 26. h4 Rf5 27. g4 Rf4 28. Rxf4 gxf4 29. Qxf4 Bc6+ 30. Kg3 cxd4 31. Qf7+ Kh8 32. Qf6+ Kh7 33. Qg6+ Kh8 34. Qxh6+ Kg8 35. Qg6+ Kh8 36. Qf6+ Kh7 37. Kh3 Be8 38. h5 Qc7 39. Qxe6 Qd8 40. Kg3 d3 41. Qf5+ Kh6 42. Qxd3 Qf6 43. Qf5 Qxf5 44. gxf5 Bxh5 45. f6 Kh7 46. Kh4 Bg6 47. Kg5 Be8 48. f7 Bxf7 49. Nxf7 Kg7 50. Nd6 b6 1-0

[Event "Luiz Rego Memorial"]
[Site "Teresina"]
[Date "2001.11.10"]
[Round "?"]
[White "Castelo, Branco Hermes"]
[Black "Oliviera, Francisneto"]
[Result "1-0"]
[WhiteElo "1810"]
[BlackElo "1915"]
[PlyCount "51"]
[EventDate "2001.11.09"]
[EventType "swiss"]
[EventRounds "7"]
[EventCountry "BRA"]
[SourceTitle "EXT 2003"]
[Source "ChessBase"]
[SourceDate "2002.11.25"]
[SourceVersion "1"]
[SourceVersionDate "2002.11.25"]
[SourceQuality "1"]

1. e4 c5 2. Nc3 d6 3. f4 a6 4. Nf3 e6 5. d4 cxd4 6. Nxd4 Bd7 7. Bd3 Nf6 8. Nf3 Be7 9. Be3 Qc7 10. 0-0 b5 11. a3 Nc6 12. Qe1 0-0 13. Qg3 Rac8 14. f5 Rfe8 15. Bh6 Bf8 16. Rae1 Kh8 17. Ng5 Re7 18. fxe6 Bxe6 19. Nxe6 Rxe6 20. Nd5 Nxd5 21. exd5 Rxh6 22. dxc6 Qxc6 23. Rxf7 Qc5+ 24. Kh1 Qd4 25. c3 Rxh2+ 26. Kxh2 1-0